000 00583nam a2200193Ia 4500
003 GCL
008 140319s9999 xx 000 0 eng d
020 _a0345359429
040 _aGCL /
_cGCL
082 0 4 _a973.708
_bM B
100 1 _aMC PHERSON, JAMES M.
245 1 0 _aBATTLE CRY OF FREEDOM :
_bTHE CIVIL WAR ERA /
_cMC PHERSON, JAMES M.
260 _aنيويورك :
_bBALLANTINE BOOKS ،
_c1989
300 _aX1X, 904 P
_bILL. MAPS ؛
_c24 cm.
650 0 4 _aCIVIL WAR
650 0 4 _aUNITED STATES - HISTORY
650 0 4 _aUNITED STATES - HISTORY, 1801 - 1809
942 _2ddc
_cBK
999 _c4773
_d4773